La peau

שמור ב:
מידע ביבליוגרפי
מחבר ראשי: Malaparte, Curzio
פורמט: ספר
שפה:Undetermined
יצא לאור: París, Francia Denoël 1949
נושאים:
תגים: הוספת תג
אין תגיות, היה/י הראשונ/ה לתייג את הרשומה!

MARC

LEADER 00000nam a2200000Ia 4500
008 170316s9999 xx 000 0 und d
040 |a cru BVZT 
090 |a 840 M-2p 
100 |a Malaparte, Curzio 
245 |a La peau 
260 |a París, Francia 
260 |b Denoël 
260 |c 1949 
300 |a 504 páginas 
650 |a LITERATURA FRANCESA 
999 |c 7850  |d 7850 
942 |c 15 D  |h 840 M-2p  |2 z